Hüsniye Risalesi (Record no. 570)

MARC details
000 -BAŞLIK
Sabit Uzunlukta Kontrol Alanı 00774na a2200277 4500
001 - KONTROL NUMARASI
Denetim Alanı 12758
003 - KONTROL NUMARASI IDENTIFIER
Denetim Alanı MIRAKIL
005 - SON İŞLEM TARİHİ VE ZAMANI
Denetim Alanı 20181213154754.0
008 - SABİT-BOY VERİ ELEMANLARI - GENEL BİLGİLER
Sabit Uzunlukta Kontrol Alanı 160922b tu 000 0
020 ## - ULUSLARARASI STANDART KİTAP NUMARASI
Uluslararası Standart Kitap Numarası 9786059080088
035 ## - SİSTEM KONTROL NUMARASI
Sistem Kontrol Numarası 12758
040 ## - KATALOGLAMA KAYNAK
Orijinal Kataloglama Ajansı Milas
Kataloglama Dili tur
Metne Dönüştürmek Ajansı TR-AnCHP
082 ## - DEWEY ONLU SINIFLANDIRMA NUMARASI
Sınıflandırma Numarası 297.82
Ürün Numarası R29h
090 ## - SINIFLAMA NUMARASI
Sınıflama Numarası 297.82 R29h 2015
100 ## - ANA GİRİŞ - KİŞİSEL İSİM
Kişisel Ad Razi, Ebu'l-Futuh
245 ## - BAŞLIK TABLOSU
Başlık Hüsniye Risalesi
Sorumluluk Tablosu, Vb Ebu'l-Futuh Razi (Cemaleddin Hüseyin Nişaburi) ; çeviren: Kemal Küntaş
260 ## - YAYIN, DAĞITIM, VB
Yayın, Dağıtım, Vb Yeri İstanbul
Yayıncı, Dağıtıcı, Vs Adı Kalender Yayınevi
Yayın, Dağıtım, Vb Tarihi 2015
300 ## - FİZİKSEL TANIM
Kapsam 160 s.
Boyutlar 21 sm.
490 ## - SERİSİ TABLOSU
Seri Beyanı Alevilik kaynakları
Hacim / Ardışık Tanımı 1
490 ## - SERİSİ TABLOSU
Seri Beyanı Kalender Yayınevi
Hacim / Ardışık Tanımı 23
490 ## - SERİSİ TABLOSU
Seri Beyanı Alevilik
Hacim / Ardışık Tanımı 2
650 ## - KONU KATMA GİRİŞ - TOPİKAL DÖNEM
Topikal Süreli Veya Coğrafi Ad Giriş Elemanı Şiilik
650 ## - KONU KATMA GİRİŞ - TOPİKAL DÖNEM
Topikal Süreli Veya Coğrafi Ad Giriş Elemanı Alevilik
Genel Alt Bölümü Risaleler
700 ## - KATMA GİRİŞ - KİŞİSEL İSİM
Kişisel Ad Küntaş, Kemal
942 ## - EKLENDİ GİRİŞ ELEMANLARI (KOHA)
Sınıflandırma Veya Raf Düzeni Kaynak
Koha Öğesi Türü Books
999 ## - SİSTEM KONTROL NUMARALARI (KOHA)
Koha Biblionumber 570
Koha Biblioitemnumber 570
Holdings
Kalıcı Konum Mevcut Konum Edinme Tarihi Edinim Kaynak Toplam Check-Out'Lar Tam Çağrı Numarası Barkod Tarih Son Görülme İtibaren Geçerli Fiyatlar Koha Öğesi Türü
CHP Kütüphanesi CHP Kütüphanesi 08/01/2016 Bağış   297.82 R29h 2015 000440 08/01/2016 08/01/2016 Books